[Event "FIN-chT1 0001"]
[Site "?"]
[Date "2000.??.??"]
[Round "1"]
[White "Lehtivaara Risto"]
[Black "Satonen Arto"]
[Result "1/2-1/2"]
[WhiteElo "2205"]
[BlackElo "2242"]
[PlyCount "96"]
[EventDate "2000.??.??"]
[Source "www.chesslib.no"]
[SourceDate "2004.05.04"]

1. e4 e5 2. d4 exd4 3. c3 d5 4. exd5 Qxd5 5. cxd4 Nc6 6. Be3 Nf6 7. a3 Be6 8. Nf3 a6 9. Nc3 Qd8 10. Bd3 Be7 11. Qc2 O-O 12. Rd1 Bd5 13. Nxd5 Qxd5 14. O-O Rad8 15. Rd2 h6 16. Rc1 Bd6 17. h3 Ne7 18. Nh4 Qh5 19. Nf5 Nxf5 20. Bxf5 Nd5 21. Bh7+ Kh8 22. Qf5 Qh4 23. Qe4 Qf6 24. Bf5 Rfe8 25. Qf3 c6 26. Re1 Bc7 27. Be4 Qd6 28. g3 Qe6 29. Bf5 Qf6 30. Rde2 Nxe3 31. Rxe3 Rxe3 32. Rxe3 g6 33. Bc2 Qxf3 34. Rxf3 Kg7 35. Bb3 Rd7 36. Rd3 Be5 37. Bc2 Bxd4 38. Kf1 c5 39. b3 Re7 40. Bd1 Kf6 41. a4 b5 42. axb5 axb5 43. b4 Ra7 44. Be2 Ra1+ 45. Kg2 Ra2 46. Rf3+ Ke5 47. Bxb5 cxb4 48. Bc4 Ra7 1/2-1/2

[Event "HUN-chT2 9495"]
[Site "HUN"]
[Date "1995.??.??"]
[Round "?"]
[White "Gara, Peter"]
[Black "Angyal, Ferenc"]
[Result "1-0"]
[WhiteElo "2225"]
[BlackElo "2220"]
[PlyCount "37"]
[EventDate "1994.??.??"]
[Source "www.chesslib.no"]
[SourceDate "2004.05.04"]

1. e4 e5 2. d4 exd4 3. c3 d5 4. exd5 Qxd5 5. cxd4 c5 6. Nf3 cxd4 7. Qxd4 Qxd4 8. Nxd4 Nc6 9. Nb5 Kd7 10. Bf4 a6 11. Nc7 Ra7 12. Nc3 Bc5 13. O-O-O+ Ke7 14. Bc4 Nf6 15. Rhe1+ Be6 16. Bxe6 fxe6 17. Nxe6 Bxf2 18. Re2 Kf7 19. Ng5+ 1-0

[Event "Dieren op"]
[Site "Dieren"]
[Date "2001.07.25"]
[Round "8"]
[White "Tan, HB."]
[Black "Plasman, Hans"]
[Result "0-1"]
[WhiteElo "2226"]
[BlackElo "2215"]
[PlyCount "31"]
[EventDate "2001.07.17"]
[Source "ChessBase"]
[SourceDate "2001.09.11"]

1. e4 e5 2. d4 exd4 3. c3 d5 4. exd5 Nf6 5. cxd4 Nxd5 6. Nc3 Be6 7. Nf3 Be7 8. Bd3 Nc6 9. O-O O-O 10. Bb1 Bg4 11. Qd3 g6 12. Ne5 Nxc3 13. Nxc6 Ne2+ 14. Kh1 bxc6 15. Bh6 Nxd4 16. f3 0-1